[Event "VIE-ch U15"]
[Site "Hanoi"]
[Date "2022.06.16"]
[Round "8"]
[White "Tran, Minh Tri"]
[Black "Nguyen, Le Nhat Huy"]
[Result "0-1"]
[WhiteElo "2303"]
[BlackElo "2319"]
[PlyCount "76"]
[EventDate "2022.06.11"]
[EventType "swiss"]
[EventRounds "9"]
[EventCountry "VIE"]
[SourceTitle "EXT 2023"]
[Source "ChessBase"]
[SourceDate "2022.10.05"]
[SourceVersion "1"]
[SourceVersionDate "2022.10.05"]
[SourceQuality "1"]

1. d4 Nf6 2. c4 e6 3. Nc3 d5 4. e3 Bb4 5. Nf3 0-0 6. Be2 dxc4 7. Bxc4 c5 8. dxc5 Qxd1+ 9. Kxd1 Bxc3 10. bxc3 Ne4 11. Ke1 Bd7 12. Ba3 Rc8 13. Bd3 Nxc5 14. Kd2 Nxd3 15. Kxd3 Bc6 16. e4 Nd7 17. Nd4 Ne5+ 18. Ke2 Bxe4 19. f3 Bd5 20. Rhc1 Nc4 21. Nc2 Rc7 22. Bb4 a5 23. Ba3 Rac8 24. Kd3 b5 25. Rab1 Nxa3 26. Nxa3 b4 27. Nc2 Rxc3+ 28. Kd2 Bxa2 29. Rb2 Rd8+ 30. Ke1 b3 31. Ke2 a4 32. Nb4 Rxc1 33. Nxa2 bxa2 34. Rxa2 Ra8 35. Ra3 Rb1 36. Kd2 Rb3 37. Ra2 a3 38. Kc2 Rb2+ 0-1

[Event "VIE-ch U15"]
[Site "Hanoi"]
[Date "2022.06.15"]
[Round "7"]
[White "Nguyen, Tran Duy Anh"]
[Black "Tran, Minh Tri"]
[Result "1-0"]
[WhiteElo "2331"]
[BlackElo "2303"]
[PlyCount "87"]
[EventDate "2022.06.11"]
[EventType "swiss"]
[EventRounds "9"]
[EventCountry "VIE"]
[SourceTitle "EXT 2023"]
[Source "ChessBase"]
[SourceDate "2022.10.05"]
[SourceVersion "1"]
[SourceVersionDate "2022.10.05"]
[SourceQuality "1"]

1. e4 e6 2. d4 d5 3. e5 c5 4. c3 Nc6 5. Nf3 Qb6 6. a3 Bd7 7. b4 cxb4 8. cxb4 Rc8 9. Bb2 Nge7 10. Nc3 Ng6 11. Rc1 a6 12. g3 Be7 13. Na4 Qc7 14. Nc5 Bxc5 15. Rxc5 b6 16. Rc1 Qb7 17. Bd3 0-0 18. 0-0 Na7 19. Re1 Bb5 20. Bb1 Bc4 21. Ng5 Qe7 22. Qg4 Rc7 23. h4 Rc6 24. Nxh7 Kxh7 25. h5 Qe8 26. hxg6+ fxg6 27. Qh5+ Kg8 28. Bxg6 Rf7 29. Re3 Rcc7 30. Rf3 Nc6 31. Kg2 Kf8 32. Rh1 Nd8 33. Qh8+ Ke7 34. Qxe8+ Kxe8 35. Rh8+ Ke7 36. Bxf7 Nxf7 37. Rg8 g5 38. Rg7 Kf8 39. Rg6 Re7 40. Bc1 Be2 41. Rff6 Bh5 42. Rh6 Bg4 43. Bxg5 Bf5 44. Rxf5 1-0